[Event "Petrolina Cordioli Memorial op"]
[Site "Petrolina"]
[Date "2007.10.21"]
[Round "6"]
[White "Nonato Veras da Silva, Raimundo"]
[Black "Costa, Jorge Do Nascimento"]
[Result "1-0"]
[WhiteElo "1922"]
[BlackElo "1800"]
[PlyCount "53"]
[EventDate "2007.10.09"]
[EventType "swiss"]
[EventRounds "7"]
[EventCountry "BRA"]
[SourceTitle "EXT 2022"]
[Source "ChessBase"]
[SourceDate "2021.10.06"]
[SourceVersion "1"]
[SourceVersionDate "2021.10.06"]
[SourceQuality "1"]

1. d4 Nf6 2. Nf3 c6 3. Bf4 d5 4. e3 Nbd7 5. Nbd2 h6 6. h3 e6 7. c4 Be7 8. Be2 Bb4 9. 0-0 Ba5 10. Rc1 Bc7 11. Ne5 Nxe5 12. dxe5 Nd7 13. Nf3 Nb6 14. Qc2 Bd7 15. Rfd1 Qb8 16. b3 Nc8 17. e4 Ne7 18. cxd5 exd5 19. exd5 Ng6 20. e6 Bxf4 21. exd7+ Kf8 22. dxc6 Bc7 23. cxb7 Qxb7 24. Qxc7 Qxc7 25. Rxc7 Kg8 26. Rc8+ Rxc8 27. dxc8Q+ 1-0